Δύο φίλοι Κοραής και Βάμβας : με ανέκδοτα κείμενα
Αποθηκεύτηκε σε:
| Κύριος συγγραφέας: | |
|---|---|
| Μορφή: | Βιβλίο |
| Γλώσσα: | Greek |
| Δημοσίευση: |
[Αθήνα] :
χ.ο.,
1953
|
| Θέματα: | |
| Ετικέτες: |
Προσθήκη ετικέτας
Δεν υπάρχουν, Καταχωρήστε ετικέτα πρώτοι!
|
MARC
| LEADER | 00000cam a2200000 i 4500 | ||
|---|---|---|---|
| 001 | 1/94443 | ||
| 008 | 080923s1953 gr | ||| |||| ||gre|| | ||
| 035 | |l 10100391 | ||
| 040 | |a GR-MY-UA |b gre |e aacr | ||
| 041 | 0 | |a gre | |
| 082 | 0 | |a ΑΚΑ 920.71 |2 (22) | |
| 100 | 1 | |a Δημαράς, Κωνσταντίνος Θ., |d 1904-1992. | |
| 245 | 1 | 0 | |a Δύο φίλοι Κοραής και Βάμβας : |b με ανέκδοτα κείμενα / |c Κ.Θ. Δημαρά |
| 260 | |a [Αθήνα] : |b χ.ο., |c 1953 | ||
| 300 | |a 76 σ.; |c 22 εκ. | ||
| 600 | 1 | 0 | |a Βάμβας, Νεόφυτος, |d 1770-1855. |
| 600 | 1 | 0 | |a Κοραής, Αδαμάντιος, |d 1748-1833. |
| 650 | 0 | 0 | |a Enlightenment |z Greece. |
| 650 | 0 | 0 | |a Authors, Greek (Modern) |y 18th century |x Biography. |
| 852 | |a INST |b RHODES |c AKA |e 20080923 |h 920.71 ΔΗΜ |p 005400030730 |q 005400030730 |t BK |y 0 | ||
| 901 | |a BIBL4-2008-3 | ||
| 909 | |a Ρ |b 153309 | ||
| 970 | |a ΜΙΣΣΟΣ |b ΣΤΑΥΡΟΣ |z 2008/09/23 | ||